[Event "Wch U16 Girls"]
[Site "Porto Carras"]
[Date "2018.10.21"]
[Round "3"]
[White "Hajiyeva, Laman"]
[Black "Smith, Elani"]
[Result "1-0"]
[WhiteElo "1916"]
[BlackElo "1393"]
[PlyCount "65"]
[EventDate "2018.10.20"]
[EventType "swiss"]
[EventRounds "11"]
[EventCountry "GRE"]
[SourceTitle "CBM 187 Extra"]
[Source "ChessBase"]
[SourceDate "2018.11.04"]
[SourceVersion "1"]
[SourceVersionDate "2018.11.04"]
[SourceQuality "1"]

1. d4 Nf6 2. c4 c5 3. d5 b5 4. cxb5 a6 5. b6 Qxb6 6. Nc3 d6 7. e4 g6 8. Nf3 Bg7 9. Nd2 0-0 10. Be2 Nbd7 11. Nc4 Qd8 12. 0-0 Nb6 13. Ne3 Bd7 14. a4 a5 15. f4 Qc7 16. Bd2 Rfb8 17. Qc2 Ne8 18. Nb5 Qb7 19. Nc3 Nc7 20. f5 Na6 21. fxg6 fxg6 22. Ng4 Bxg4 23. Bxg4 Rf8 24. Qd3 Nb4 25. Qh3 Nc4 26. Bh6 Nxb2 27. Rab1 Nc4 28. Ne2 Qc7 29. Nf4 Bxh6 30. Qxh6 e5 31. Be6+ Rf7 32. Nxg6 hxg6 33. Qxg6+ 1-0

[Event "RSA Inter Regional-ch"]
[Site "Boksburg"]
[Date "2018.01.10"]
[Round "3.4"]
[White "Smith, Elani"]
[Black "Prinsloo, Marthinus Philippus"]
[Result "0-1"]
[WhiteElo "1287"]
[BlackElo "1483"]
[PlyCount "108"]
[EventDate "2018.01.09"]
[EventType "team-swiss"]
[EventRounds "7"]
[EventCountry "RSA"]
[SourceTitle "CBM 189 Extra"]
[Source "ChessBase"]
[SourceDate "2019.06.03"]
[SourceVersion "1"]
[SourceVersionDate "2019.06.03"]
[SourceQuality "1"]
[WhiteTeam "Tshwane Daisies"]
[BlackTeam "Tshwane Rebels"]
[WhiteTeamCountry "RSA"]
[BlackTeamCountry "RSA"]

1. e4 c5 2. Nf3 Nc6 3. g3 g6 4. Bg2 Bg7 5. 0-0 Nf6 6. Re1 0-0 7. c3 d6 8. d4 cxd4 9. cxd4 Bd7 10. e5 dxe5 11. dxe5 Ng4 12. Bf4 Qb6 13. Qxd7 Qxf2+ 14. Kh1 Bxe5 15. Qxg4 Bxb2 16. Nbd2 Bxa1 17. Be3 Ne5 18. Qh4 Nxf3 19. Nxf3 Qxa2 20. Ng5 h5 21. Bf3 Bf6 22. Bxh5 gxh5 23. Qxh5 Qd5+ 24. Kg1 Qf5 25. Rf1 Qg6 26. Qh4 Kg7 27. Bd4 Rh8 28. Qf4 Rhd8 29. Bxf6+ exf6 30. Ne4 Rd4 31. Qxf6+ Qxf6 32. Nxf6 a5 33. Nh5+ Kf8 34. Nf4 Rd6 35. Rb1 b6 36. Ne2 a4 37. Nc3 a3 38. Ra1 Rd3 39. Na2 Rd2 40. h4 b5 41. Kf1 Rxa2 42. Rxa2 b4 43. Ke2 b3 44. Ra1 a2 45. Kd2 b2 46. Rxa2 Rxa2 47. Kc2 Ra3 48. g4 Rb3 49. Kb1 Rb4 50. h5 Kg7 51. g5 f6 52. h6+ Kg6 53. h7 Kxh7 54. gxf6 Kg6 0-1

[Event "RSA-ch U16 Girls"]
[Site "Gauteng"]
[Date "2017.04.06"]
[Round "2"]
[White "Smith, Elani"]
[Black "Van der Walt, Marelize"]
[Result "0-1"]
[WhiteElo "1392"]
[BlackElo "1063"]
[PlyCount "137"]
[EventDate "2017.04.05"]
[EventType "swiss"]
[EventRounds "11"]
[EventCountry "RSA"]
[SourceTitle "CBM 177 Extra"]
[Source "ChessBase"]
[SourceDate "2017.04.27"]
[SourceVersion "1"]
[SourceVersionDate "2017.04.27"]
[SourceQuality "1"]

1. e4 e5 2. Nf3 Nc6 3. d4 exd4 4. Nxd4 Nf6 5. Nxc6 bxc6 6. Bd3 Be7 7. 0-0 0-0 8. Nc3 d5 9. h3 h6 10. e5 Nd7 11. f4 Bc5+ 12. Kh1 Re8 13. Qh5 Nf8 14. Na4 Bb6 15. Nxb6 cxb6 16. Rf3 f5 17. Rg3 Kh8 18. b3 Qd7 19. Ba3 c5 20. Re1 Kh7 21. Bxf5+ Qxf5 22. Qxe8 Qxf4 23. Rf3 Qh4 24. Ref1 Bb7 25. Qf7 Rb8 26. Qc7 d4 27. Qxb8 Bxf3 28. Rxf3 Ng6 29. e6 Qe1+ 30. Kh2 Qxe6 31. Qc7 Nh4 32. Rf8 Qe4 33. Qg3 Ng6 34. Rf7 Qe8 35. Qc7 Qg8 36. Rd7 Qf8 37. Rd8 Qf6 38. Bb2 Ne5 39. Bc1 Ng4+ 40. Kg3 Qf2+ 41. Kxg4 Qxg2+ 42. Qg3 h5+ 43. Kf4 Qf1+ 44. Ke4 Qxc1 45. Qd3 Qg5 46. Kf3+ g6 47. Rd7+ Kh6 48. Rd6 h4 49. Qe4 Qg3+ 50. Ke2 Qxd6 51. Qxh4+ Kg7 52. Kf3 Qf6+ 53. Qf4 Qxf4+ 54. Kxf4 Kf6 55. h4 a6 56. a3 b5 57. Ke4 a5 58. a4 bxa4 59. bxa4 Ke6 60. Kf4 Kd5 61. Kg5 c4 62. Kf4 d3 63. cxd3 cxd3 64. Ke3 Kc4 65. Kd2 Kd4 66. Kd1 Ke3 67. Ke1 d2+ 68. Kd1 Kf3 69. Kxd2 0-1

[Event "Africa-ch U14 Girls"]
[Site "Port Elizabeth"]
[Date "2016.08.24"]
[Round "4"]
[White "Ruzani, Hazel"]
[Black "Smith, Elani"]
[Result "0-1"]
[WhiteElo "1038"]
[BlackElo "1609"]
[PlyCount "54"]
[EventDate "2016.08.22"]
[EventType "swiss"]
[EventRounds "9"]
[EventCountry "RSA"]
[SourceTitle "CBM 174 Extra"]
[Source "ChessBase"]
[SourceDate "2016.10.10"]
[SourceVersion "1"]
[SourceVersionDate "2016.10.10"]
[SourceQuality "1"]

1. d4 Nf6 2. c4 c5 3. d5 b5 4. Nc3 a6 5. a3 d6 6. Nf3 g6 7. Bf4 Bg7 8. e3 0-0 9. Bd3 Nbd7 10. 0-0 Qb6 11. cxb5 axb5 12. Bxb5 Ba6 13. Bxa6 Qxa6 14. Re1 Rfb8 15. Rb1 Rb7 16. e4 Rab8 17. Re2 Nh5 18. Bg5 Bxc3 19. Bc1 Bg7 20. e5 Nxe5 21. b4 Nxf3+ 22. gxf3 cxb4 23. Re4 bxa3 24. Ra4 Qxa4 25. Qxa4 Rxb1 26. Qxa3 Rxc1+ 27. Kg2 Rbb1 0-1

[Event "RSA-ch U14 Girls"]
[Site "Waterkloof"]
[Date "2015.04.04"]
[Round "2"]
[White "Smith, Elani"]
[Black "Parthiephal, Dayaan"]
[Result "1-0"]
[WhiteElo "1158"]
[BlackElo "1352"]
[PlyCount "143"]
[EventDate "2015.04.04"]
[EventType "swiss"]
[EventRounds "9"]
[EventCountry "RSA"]
[SourceTitle "CBM 166 Extra"]
[Source "ChessBase"]
[SourceDate "2015.06.18"]
[SourceVersion "1"]
[SourceVersionDate "2015.06.18"]
[SourceQuality "1"]

1. c4 Nf6 2. g3 e5 3. Bg2 Bc5 4. Nc3 d6 5. e3 0-0 6. Nge2 c6 7. 0-0 Be6 8. d4 exd4 9. exd4 Bb6 10. d5 cxd5 11. Nxd5 Nxd5 12. Bxd5 Bxd5 13. Qxd5 Nc6 14. Bf4 Re8 15. Nc3 Bc5 16. Nb5 Re6 17. Rfe1 Rg6 18. Red1 Qb6 19. Rd2 Nb4 20. Qe4 Re6 21. Qf3 a6 22. Nc3 Rae8 23. Ne2 h6 24. a3 Nc6 25. b4 Nd4 26. Nxd4 Bxd4 27. Rad1 Re1+ 28. Rxe1 Rxe1+ 29. Kg2 Be5 30. Be3 Qc7 31. c5 dxc5 32. Bxc5 Rc1 33. Qe4 b5 34. Qd5 Kh7 35. Bd6 Bxd6 36. Qxd6 Qc6+ 37. Qxc6 Rxc6 38. Rd7 Kg6 39. f4 Rc2+ 40. Kh3 Rc6 41. Kg4 f6 42. f5+ Kh7 43. Kh5 Rc3 44. Kg4 Rxa3 45. Ra7 Ra4 46. Kh5 Rxb4 47. Rxa6 Rd4 48. Ra1 Rd5 49. g4 b4 50. Rb1 Rb5 51. Kh4 b3 52. Kg3 b2 53. Kf2 Rb3 54. h4 g6 55. Kg2 h5 56. gxh5 gxf5 57. Kf2 Kh6 58. Ke2 Kxh5 59. Kd2 Kxh4 60. Kc2 Rg3 61. Kxb2 f4 62. Rf1 Kg4 63. Kc2 f3 64. Kd2 Kh3 65. Ke3 Kg4 66. Kf2 f5 67. Re1 Rg2+ 68. Ke3 Kg3 69. Rf1 Re2+ 70. Kd3 Kg2 71. Rd1 Kf2 72. Rh1 1-0